000 00469nam a22001817a 4500
003 NUST - PNEC
005 20170116181133.0
008 150407b xxu||||| |||| 00| 0 eng d
020 _a0813329752
040 _cLIBRARY
082 _a954.9105 BAX
100 _92158
_aBaxter, Craig
245 _aPakistan:1997
_cCraig Baxter
260 _aLahore.
_bVanguard:
_cc1998
300 _a204 p. :
_c21 cm.
650 _92161
_aPolitical Science
_xGeneral
942 _2ddc
_cBK
999 _c70084
_d70084